|
|
|
|
| LEADER |
00000nam a22000007a 4500 |
| 005 |
2014012905105.0 |
| 007 |
cr|||| |||| |
| 008 |
140129s2013 sp |||||s|||| 00||0 spa d |
| 020 |
|
|
|a 978-84-9031-656-6
|
| 035 |
|
|
|a 11758
|
| 040 |
|
|
|a vLex
|
| 090 |
|
|
|c 4681
|d 4681
|
| 100 |
1 |
|
|a de Ass̕, Rafael
|
| 245 |
1 |
0 |
|a Sobre discapacidad y derechos
|h [Recurso electrn̤ico] /
|c Rafael de Ass̕
|
| 256 |
|
|
|a Servicio en ln̕ea
|
| 260 |
|
|
|a Madrid :
|b Dykinson,
|c 2013
|
| 300 |
|
|
|a 1 recurso electrn̤ico
|
| 500 |
|
|
|a Este libro pretende dar cuenta de algunas de las consecuencias que tiene la inclusin̤ de la discapacidad en el discurso de los derechos humanos; consecuencias que se proyectan tanto en la teora̕ de los derechos como en el tratamiento de la discapacidad. Para ello se adopta un enfoque de la discapacidad que trata de integrar el modelo social y el modelo de la diversidad, aportando razones que justifican la existencia de una serie de derechos. En relacin̤ con la teora̕ de los derechos se defiende el abandono de la construccin̤ de la dignidad humana desde la capacidad; la necesidad de tomar como punto de partida de la reflexin̤ sobre la igualdad el hecho de la diferencia y la valoracin̤ positiva de la diversidad humana; la introduccin̤ de la accesibilidad universal como otro de los grandes principios definidores del sentido de los derechos; y el reconocimiento de la importancia de las dimensiones culturales. Adems̀, se propugna la existencia de una serie de derechos como el derecho a la capacidad jurd̕ica (a una igual capacidad), a los apoyos en la toma de decisiones, a la accesibilidad universal (a una igual accesibilidad), a los ajustes razonables, a elegir una forma de vida, a los apoyos en la realizacin̤ de las actividades fundamentales en la vida diaria, al uso de la lengua de signos y a los apoyos en la comunicacin̤ oral.
|
| 650 |
0 |
4 |
|a Discapacitados
|x Situacin̤ legal, leyes, etc.
|
| 740 |
0 |
|
|a vLex Libros (Servicio en ln̕ea)
|
| 856 |
4 |
0 |
|u http://vlex.com/source/sobre-discapacidad-y-derechos-11758
|z Acceso restringido
|
| 942 |
|
|
|c BOOK
|
| 999 |
0 |
|
|a People with disabilities--Legal status, laws, etc
|